000
00346pam a2200157a 44500
008
230515b1987 xxu||||| |||| 00| 0 eng d
020
_a
NULL
041
_a
ENGL
082
_a
621.3815 /SEN
100
_a
SEN. P.C
245
_a
POWER ELECTRONICS(TMH)
250
_a
N.D.
260
_a
NULL
_b
T.M.H
_c
1987
300
_a
1030 HB
650
_a
NULL
999
_c
619605
_d
619605